000 00845nam a22002897a 4500
001 0034023
003 KOHA_MİRAKIL
005 20260207002833.0
007 ta
008 110823b1980 tu |||gr||||#||||0|tur |
020 _a9781111132101
_c27,63
040 _aTR-BiSEU
_btur
_cTR-BiSEU
_erda
041 0 _atur
044 _ctu
050 _aQA641
_b.S25 1980
100 1 _aSalihoğlu, Hilmi .
245 1 _aYüksek diferensiyel geometriye giriş/
_cHilmi Salihoğlu ; Hilmi Salihoğlu.
264 1 _aİstanbul :
_bHacısalihoğlu Yayıncılık
_c1980
300 _a435 s. ;
_c21 cm.
336 _ametin
_btxt
_2rdacontent
337 _aaracısız
_bn
_2rdamedia
338 _acilt
_bnc
_2rdacarrier
650 0 _aGeometri, Diferansiyel.
_963710
650 0 _aGeometry, Differential.
_963245
650 0 _a
_95500
942 _2lcc
_cBK
999 _c32753
_d32753